000 00356nam a2200157Ia 4500
003 Ost
005 20260225132558.0
008 260225s9999||||xx |||||||||||||| ||und||
040 _cfsic
041 _afre
082 _a302.23
100 _aArmand Merlier
_eAuteur
245 0 _aMedia et opinion publique /
245 0 _cArmand Merlier
942 _cكتاب
999 _c34564
_d34564